Estudios sobre política económica en America Latina (Registro nro. 5259)

Detalles MARC
000 -LEADER
fixed length control field 00993 a2200193 4500
001 - CONTROL NUMBER
control field 53835
005 - DATE AND TIME OF LATEST TRANSACTION
control field 20260407155809.0
008 - FIXED-LENGTH DATA ELEMENTS--GENERAL INFORMATION
fixed length control field 260407a1964 arg spa d
003 - CONTROL NUMBER IDENTIFIER
control field AR-UNSa-BCEJYS
040 ## - CATALOGING SOURCE
Original cataloging agency AR-UNSa-BCEJYS
Language of cataloging spa
Transcribing agency AR-UNSa-BCEJYS
080 ## - UNIVERSAL DECIMAL CLASSIFICATION NUMBER
Universal Decimal Classification number 338.2(8)
Common auxiliary subdivision Política económica. Control de la economía. gestión de la economía. planificación económica en América Latina
100 1# - MAIN ENTRY--PERSONAL NAME
Personal name Hirschman, Albert O.
245 10 - TITLE STATEMENT
Title Estudios sobre política económica en America Latina
Name of part/section of a work (en ruta hacia el progreso)
264 #1 - PRODUCTION, PUBLICATION, DISTRIBUTION, MANUFACTURE, AND COPYRIGHT NOTICE
Place of production, publication, distribution, manufacture Madrid :
Name of producer, publisher, distributor, manufacturer Aguilar
Date of production, publication, distribution, manufacture, or copyright notice 1964
300 ## - PHYSICAL DESCRIPTION
Extent 350 p.
Dimensions 21 cm.
505 ## - FORMATTED CONTENTS NOTE
Formatted contents note I. Tres problemas en tres países - 1. El nordeste del Brasil - 2. La tenencia de la tierra y la reforma agraria en Colombia - 3. La inflación en Chile - II. Solución de problemas y fragua de la reforma - 4 . Solución de problemas y formulación de política: ¿Existe un estilo latinoamericano? - 5. La trama de la reforma
590 ## - LOCAL NOTE (RLIN)
Local note niveau_biblio:m niveau_hierar:0
942 ## - ADDED ENTRY ELEMENTS (KOHA)
Koha item type
Existencias
Withdrawn status Lost status Damaged status Not for loan Home library Current library Shelving location Date acquired Total checkouts Full call number Barcode Date last seen Price effective from Koha item type
        Biblioteca Prof. Eusebio Cleto del Rey Biblioteca Prof. Eusebio Cleto del Rey   07/04/2026   338.2(8) H669 L23942 07/04/2026 07/04/2026 Libro